LEADER 01074nam0 22002771i 450 001 UON00257652 005 20231205103659.195 100 $a20041001d2003 |0itac50 ba 101 $aspa 102 $aCO 105 $a|||| ||||| 200 1 $aAutobiografia$fVictor Manuel Patino 210 $aBogotā$cInstituto Caro y Cuervo$d2003 215 $a97 cm.$d22 cm 316 $adono dell'Instituto Caro y Cuervo$5IT-UONSI Isp.ACo860 c/0008 606 $aAutobiografie e memorie$3UONC019122$2FI 620 $aCO$dBogotá$3UONL001329 676 $a920.7$cAUTOBIOGRAFIE E MEMORIE$v21 700 1$aPATIŅO$bVictor Manuel$3UONV136452$0686270 712 $aInstituto Caro y Cuervo$3UONV266661$4650 801 $aIT$bSOL$c20250627$gRICA 899 $aSIBA - SISTEMA BIBLIOTECARIO DI ATENEO$2UONSI 912 $aUON00257652 950 $aSIBA - SISTEMA BIBLIOTECARIO DI ATENEO$dSI Co 860 c 0008 $eSI DA 156 7 0008 dono dell'Instituto Caro y Cuervo$sBuono 996 $aAutobiografia$91238726 997 $aUNIOR